Lanean...
Goswami Thulsidas/
| Egile nagusia: | |
|---|---|
| Formatua: | Printed Book |
| Argitaratua: |
Allahabad:
Hindusthani Academy,
1952.
|
| LEADER | 00353 a2200109 4500 | ||
|---|---|---|---|
| 100 | |a Shyam Sundhardas | ||
| 245 | |a Goswami Thulsidas/ |c Shyam Sundhardas | ||
| 260 | |a Allahabad: |b Hindusthani Academy, |c 1952. | ||
| 300 | |a 219p. | ||
| 942 | |2 ddc |c BK | ||
| 999 | |c 240182 |d 240182 | ||
| 952 | |0 0 |1 0 |4 0 |7 0 |9 266599 |a HIN |b HIN |c S-7 |d 2011-10-04 |i 2059 |l 0 |p HIN2059 |r 2011-10-04 |w 2014-02-07 |y BK | ||